Report of the mission to Afghanistan. / (Record no. 27449)
[ view plain ]
| 000 -LEADER | |
|---|---|
| fixed length control field | 00764cam a2200277 a 4500 |
| 001 - CONTROL NUMBER | |
| control field | 27449 |
| 003 - CONTROL NUMBER IDENTIFIER | |
| rucl marc code | BD-RjUL |
| 005 - DATE AND TIME OF LATEST TRANSACTION | |
| control field | 20211209051145.0 |
| 008 - FIXED-LENGTH DATA ELEMENTS--GENERAL INFORMATION | |
| fixed length control field | 140325t1952 fr ab i00000 eng d |
| 035 ## - SYSTEM CONTROL NUMBER | |
| System control number | (CLSU)413818 |
| System control number | (OCoLC)3865279 800807 |
| System control number | (BD-RjUL)27523 |
| 040 ## - CATALOGING SOURCE | |
| Original cataloging agency | DLC |
| Transcribing agency | DNIE |
| Modifying agency | CLSU |
| -- | CStRLIN |
| -- | BD-RjUL |
| Language of cataloging | eng |
| 041 ## - LANGUAGE CODE | |
| Language code of text/sound track or separate title | eng |
| 082 04 - DEWEY DECIMAL CLASSIFICATION NUMBER | |
| Classification number | 958.1 |
| Author mark and year | UNR 1952 |
| 110 2# - MAIN ENTRY--CORPORATE NAME | |
| Corporate name or jurisdiction name as entry element | Unesco. |
| 9 (RLIN) | 84322 |
| 245 10 - TITLE STATEMENT | |
| Title | Report of the mission to Afghanistan. / |
| 260 1# - PUBLICATION, DISTRIBUTION, ETC. (IMPRINT) | |
| Place of publication, distribution, etc. | Paris : |
| Name of publisher, distributor, etc. | UNESCO, |
| Date of publication, distribution, etc. | 1952. |
| 300 ## - PHYSICAL DESCRIPTION | |
| Pagination | 87 p. : |
| Illustrations | ill.; |
| Size | 24 cm. |
| 490 1# - SERIES STATEMENT | |
| Series statement | Educational missions ; |
| Volume/sequential designation | 4 |
| 650 #0 - SUBJECT ADDED ENTRY--TOPICAL TERM | |
| Topical term or geographic name as entry element | Education |
| Geographic subdivision | Afghanistan. |
| 9 (RLIN) | 84316 |
| 830 #0 - SERIES ADDED ENTRY--UNIFORM TITLE | |
| Volume number/sequential designation | 4 |
| Uniform title | Educational missions (Unesco) ; |
| 942 ## - ADDED ENTRY ELEMENTS (KOHA) | |
| Source of classification or shelving scheme | Dewey Decimal Classification |
| Koha item type | Books |
| Lost status | Source of classification or shelving scheme | Damaged status | Not for loan | Collection code | Permanent Location | Current Location | Shelving location | Date acquired | Source of acquisition | Cost, normal purchase price | Total Checkouts | Full call number | Date last seen | Copy number | Koha item type |
|---|---|---|---|---|---|---|---|---|---|---|---|---|---|---|---|
| Dewey Decimal Classification | Added to bundle | Non-fiction | Central Library, University of Rajshahi | Central Library, University of Rajshahi | Reading Room | 26/04/1955 | Feroz sons | 2.80 | 958.1 UNR 1952 | 25/03/2014 | C-1 | Books |